000 00808nam a2200253 a 4500
001 000022684
005 20200930021734.0
008 101115s1977 sp 000 p spa d
020 _a8423913945
040 _aDO-SdBNP
_bspa
_cBNPHU
082 _a861.6
_bD559s, 1977
100 1 _aDiego, Gerardo,
_d1896-1987
_914243
245 1 0 _aSegunda antología de sus versos :
_b1941-1967 /
_cGerardo Diego.
250 _a3.ed.
260 _aMadrid :
_bEspasa-Calpe,
_c1977.
300 _a276 p. ;
_c18 cm.
490 1 _aAustral. Violeta: teatro y poesía
_v1394
500 _aIncluye índice de autores.
650 4 _aPoesía española
_9631
650 4 _aLiteratura española
_9632
830 0 _aAustral.
_pVioleta: teatro y poesía;
_n1394
_946638
910 _aValidado. Control de calidad MFF
049 _aBNGR
999 _c22181
_d22181